Krize Evropského měnového systému v letech 1992-1993 jako argument pro společnou měnu

Súhlasné a nesúhlasné reakcie na európsku Hospodársku a menovú úniu ako politický projekt. Kríza EMS v rokoch 1992-1993. Dve vlny ekonomických špekulácií. Korekcia vybočených kurzov. Finančná sila trhov a vlád v roku 1993. Prekazená konvergenčná hra. Dôsledky krízy EMS pre projekt menovej únie.

Salvato in:
Dettagli Bibliografici
Autore principale: Dědek, Oldřich
Natura: Capitolo di libro
Lingua:ceco
Soggetti:
Tags: Aggiungi Tag
Nessun Tag, puoi essere il primo ad aggiungerne!!

MARC

LEADER 00000naa$a2200000$$$4500
001 0086195
005 20220713131135.5
041 0 |a cze 
044 |a CZ 
245 1 0 |a Krize Evropského měnového systému v letech 1992-1993 jako argument pro společnou měnu  |c Oldřich Dědek 
520 |a Súhlasné a nesúhlasné reakcie na európsku Hospodársku a menovú úniu ako politický projekt. Kríza EMS v rokoch 1992-1993. Dve vlny ekonomických špekulácií. Korekcia vybočených kurzov. Finančná sila trhov a vlád v roku 1993. Prekazená konvergenčná hra. Dôsledky krízy EMS pre projekt menovej únie. 
610 2 0 |a Európska menová únia 
610 2 0 |a kríza finančná 
610 2 0 |a harmonizácia 
610 2 0 |a politika menová 
610 2 0 |a krajiny tranzitívne 
610 2 0 |a kurz menový 
610 2 0 |a euro 
610 2 0 |a systém menový medzinárodný 
100 1 |a Dědek, Oldřich